Ulusal kültürlerin sonu mu? (Kayıt no. 10495)

MARC ayrıntıları
000 -BAŞLIK
Sabit Uzunlukta Kontrol Alanı 01247na a2200337 4500
001 - KONTROL NUMARASI
Denetim Alanı 23930
003 - KONTROL NUMARASI IDENTIFIER
Denetim Alanı MIRAKIL
005 - SON İŞLEM TARİHİ VE ZAMANI
Denetim Alanı 20181213155324.0
008 - SABİT-BOY VERİ ELEMANLARI - GENEL BİLGİLER
Sabit Uzunlukta Kontrol Alanı 180123b tu 000 0
020 ## - ULUSLARARASI STANDART KİTAP NUMARASI
Uluslararası Standart Kitap Numarası 9786053993728
040 ## - KATALOGLAMA KAYNAK
Orijinal Kataloglama Ajansı Milas
Kataloglama Dili tur
Metne Dönüştürmek Ajansı TR-AnCHP
041 ## - DİL KODU
Metin / Ses Parça Veya Ayrı Başlığın Dil Kodu tur
082 ## - DEWEY ONLU SINIFLANDIRMA NUMARASI
Sınıflandırma Numarası 303.482
Ürün Numarası U48 2015
090 ## - SINIFLAMA NUMARASI
Sınıflama Numarası 303.482 U48 2015
245 ## - BAŞLIK TABLOSU
Başlık Ulusal kültürlerin sonu mu?
Başlığın Kalan Çeşitlilik sınavında kültür politikaları
Sorumluluk Tablosu, Vb derleyenler: Lluis Bonet, Emmanuel Negrier ; çeviren: Işık Ergüden
246 ## - UNVAN FORM VARYING
Başlık Doğru / Kısa Başlığı Çeşitlilik sınavında kültür politikaları
260 ## - YAYIN, DAĞITIM, VB
Yayın, Dağıtım, Vb Yeri İstanbul
Yayıncı, Dağıtıcı, Vs Adı İstanbul Bilgi Üniversitesi
Yayın, Dağıtım, Vb Tarihi 2015
Üretici Firma sena ofset
300 ## - FİZİKSEL TANIM
Kapsam x, 187 s.
Diğer Fiziksel Ayrıntıları tbl. , şkl.
Boyutlar 23 sm.
440 ## - SERİSİ TABLOSU / KATMA GİRİŞİ - BAŞLIK
Başlık İstanbul Bilgi Üniversitesi Yayınları
Hacim / Ardışık Tanımı 498
490 ## - SERİSİ TABLOSU
Seri Beyanı Kültürel inceleme
Hacim / Ardışık Tanımı 12
500 ## - GENEL NOT
Genel Not Yapıtın özgün adı: Les politiques culturelles a l'epreuve de la diversite
504 ## - KAYNAKÇA VB NOT
Kaynakça Vb Notu Dizin var.
650 ## - KONU KATMA GİRİŞ - TOPİKAL DÖNEM
Topikal Süreli Veya Coğrafi Ad Giriş Elemanı Kültür politikaları
Genel Alt Bölümü Avrupa
650 ## - KONU KATMA GİRİŞ - TOPİKAL DÖNEM
Topikal Süreli Veya Coğrafi Ad Giriş Elemanı Kültürel farklılıklar
650 ## - KONU KATMA GİRİŞ - TOPİKAL DÖNEM
Topikal Süreli Veya Coğrafi Ad Giriş Elemanı Çokkültürlülük
Genel Alt Bölümü Avrupa
700 ## - KATMA GİRİŞ - KİŞİSEL İSİM
Kişisel Ad Ergüden, Işık
Relator Terim çev.
700 ## - KATMA GİRİŞ - KİŞİSEL İSİM
Kişisel Ad Negrıer, Emmanuel
Relator Terim der.
700 ## - KATMA GİRİŞ - KİŞİSEL İSİM
Kişisel Ad Bonet, Lluis
Relator Terim der.
740 ## - KATMA GİRİŞ - KONTROLSUZ İLGİLİ / ANALİTİK BAŞLIK
Kontrol Edilmeyen / İlgili Analitik Başlıktaki Çeşitlilik sınavında kültür politikaları
942 ## - EKLENDİ GİRİŞ ELEMANLARI (KOHA)
Sınıflandırma Veya Raf Düzeni Kaynak
Koha Öğesi Türü Kitaplar
999 ## - SİSTEM KONTROL NUMARALARI (KOHA)
Koha Biblionumber 10495
Koha Biblioitemnumber 10495
Mevcut
Kalıcı Konum Mevcut Konum Edinme Tarihi Edinim Kaynak Toplam Check-Out'Lar Tam Çağrı Numarası Barkod Tarih Son Görülme İtibaren Geçerli Fiyatlar Koha Öğesi Türü
CHP Kütüphanesi CHP Kütüphanesi 01/23/2018 Bağış   303.482 U48 2015 017912 01/23/2018 01/23/2018 Kitaplar